| 000 | 00361pam a2200157a 44500 | ||
|---|---|---|---|
| 008 | 230405s1999 xxu||||| |||| 00| 0 eng d | ||
| 041 | _aENG | ||
| 100 | _aPARKER JIM | ||
| 245 |
_aLINUX UNLEASHED _b04/10/2005 |
||
| 250 | _a1999 | ||
| 260 |
_aNEW DELHI _bTECHMEDIA PUB _c1999 |
||
| 300 | _aP.B,XXXVI,1111 | ||
| 650 | _aCSE | ||
| 690 | _aCSE | ||
| 906 | _a4078 | ||
| 999 |
_c818273 _d818273 |
||